2006 Index of economic freedom <the> link between economic opportunity and prosperity

Guardado en:
Detalles Bibliográficos
Otros Autores: Miles, Marc A., Holmes, Kim R., O'Grady, Mary Anastasia
Formato: Libro
Lenguaje:inglés
Publicado: Washington <The> Heritage Foundation 2006
Materias:
Etiquetas: Agregar Etiqueta
Sin Etiquetas, Sea el primero en etiquetar este registro!

MARC

LEADER 00000nam$a2200000$$$4500
001 0116486
005 20240315115819.6
020 |a 0-89195-271-3 
022 |a 1095-7308 
041 0 |a eng 
044 |a US 
245 1 0 |a 2006 Index of economic freedom  |b <the> link between economic opportunity and prosperity  |c Marc A. Miles, Kim R. Holmes, Mary Anastasia O'Grady 
264 1 |a Washington  |b <The> Heritage Foundation  |c 2006 
300 |a xvii, 422 s. 
610 2 0 |a situácia hospodárska 
610 2 0 |a obchod zahraničný 
610 2 0 |a obchod vnútorný 
610 2 0 |a obchod medzinárodný 
610 2 0 |a politika menová 
610 2 0 |a investície zahraničné 
610 2 0 |a bankovníctvo 
610 2 0 |a financie 
610 2 0 |a mzdy 
610 2 0 |a ceny 
610 2 0 |a systémy právne 
610 2 0 |a regulácia hospodárska 
610 2 0 |a trh 
610 2 0 |a svet 
610 2 0 |a Česko 
610 2 0 |a Slovensko 
610 2 0 |a údaje štatistické medzinárodné 
700 1 |a Miles, Marc A. 
700 1 |a Holmes, Kim R. 
700 1 |a O'Grady, Mary Anastasia